<?xml version="1.0" encoding="UTF-8"?>
<collection xmlns="http://www.loc.gov/MARC21/slim">
 <record>
  <leader>02098nab a2200253 i 4500</leader>
  <controlfield tag="001">acta42816</controlfield>
  <controlfield tag="005">20250702105820.0</controlfield>
  <controlfield tag="008">170106s2016    hu      o     000   hun d</controlfield>
  <datafield tag="022" ind1=" " ind2=" ">
   <subfield code="a">1419-0222 (print), 2064-5929 (online, pdf)</subfield>
  </datafield>
  <datafield tag="024" ind1="7" ind2=" ">
   <subfield code="a">https://doi.org/10.14232/belv.2016.3.4</subfield>
   <subfield code="2">doi</subfield>
  </datafield>
  <datafield tag="040" ind1=" " ind2=" ">
   <subfield code="a">SZTE Egyetemi Kiadványok Repozitórium</subfield>
   <subfield code="b">hun</subfield>
  </datafield>
  <datafield tag="041" ind1=" " ind2=" ">
   <subfield code="a">hun</subfield>
  </datafield>
  <datafield tag="041" ind1=" " ind2=" ">
   <subfield code="a">eng</subfield>
  </datafield>
  <datafield tag="100" ind1="1" ind2=" ">
   <subfield code="a">Hamerli Petra</subfield>
  </datafield>
  <datafield tag="245" ind1="1" ind2="2">
   <subfield code="a">A katolikus egyház a spanyol polgárháború első hónapjaiban </subfield>
   <subfield code="h">[elektronikus dokumentum] :</subfield>
   <subfield code="b">Silvio Sericano nunciussága, 1936. június 11. - november 4. /</subfield>
   <subfield code="c"> Hamerli Petra</subfield>
  </datafield>
  <datafield tag="260" ind1=" " ind2=" ">
   <subfield code="a">Belvedere Meridionale</subfield>
   <subfield code="b">Szeged</subfield>
   <subfield code="c">2016</subfield>
  </datafield>
  <datafield tag="300" ind1=" " ind2=" ">
   <subfield code="a">54-63</subfield>
  </datafield>
  <datafield tag="490" ind1="0" ind2=" ">
   <subfield code="a">Belvedere Meridionale</subfield>
   <subfield code="v">28 No. 3</subfield>
  </datafield>
  <datafield tag="520" ind1="3" ind2=" ">
   <subfield code="a">During the Spanish Civil War (1936–1939) the Catholic Church has been in a difficult situation. The persecution of the religion in Spain has begun after the proclamation of the Second Republic (from 1931), which the nacionalist groups of General Francisco Franco wanted to demolish with a revolution. When the Civil War outbroke, the Nuncio in Madrid was Silvio Sericano (11 June–4 November 1936) who – though the strict censure – sent several telegrammes and reports to the Apostolic Holy See. These documents can be found in the Historical Archive of the Second Section of the Vatican’s Secretariat of State (Archivio Storico della Sezione per i Rapporti con gli Stati della Segreteria di Stato). After he left Madrid, Sericano wrote a valid final report to the Secretary of State, Eugenio Pacelli, in which he detailed not only the events, but also his personal impressions. In my paper I would like to delineate the situation of the Spanish Catholic Church in the first months of the Civil War based on these documents.</subfield>
  </datafield>
  <datafield tag="650" ind1=" " ind2="4">
   <subfield code="a">Bölcsészettudományok</subfield>
  </datafield>
  <datafield tag="650" ind1=" " ind2="4">
   <subfield code="a">Történettudomány és régészet</subfield>
  </datafield>
  <datafield tag="695" ind1=" " ind2=" ">
   <subfield code="a">Spanyolország története - 1936-1939, Spanyol polgárháború, Nemzetközi kapcsolatok - spanyol-vatikáni</subfield>
  </datafield>
  <datafield tag="700" ind1="0" ind2="1">
   <subfield code="a">Sericano Silvio</subfield>
  </datafield>
  <datafield tag="856" ind1="4" ind2="0">
   <subfield code="u">http://acta.bibl.u-szeged.hu/42816/1/belvedere_2016_003_054-063.pdf</subfield>
   <subfield code="z">Dokumentum-elérés </subfield>
  </datafield>
 </record>
</collection>
